00466nam a22001697a 450000500170000001000140001702000260003103500130005703700130007008200110008310000160009424500550011025000110016526000350017630000350021150000500024620100723133212.0 aENG-96656 a9788120338241c395.00 aEN-80189 bDBAD/PUB a621.39 aWolf, Wayne aModern VLSI design :bip based deign /cWayne Wolf a4th ed aNew Delhi bPHI Learningc2009 axxii, 627 p.bill.c24cm (Pbk) aIncludes bibliographical references and index